<?xml version="1.0" encoding="UTF-8"?><?xml-stylesheet type="text/xsl" href="static/style.xsl"?><OAI-PMH xmlns="http://www.openarchives.org/OAI/2.0/" xmlns:xsi="http://www.w3.org/2001/XMLSchema-instance" xsi:schemaLocation="http://www.openarchives.org/OAI/2.0/ http://www.openarchives.org/OAI/2.0/OAI-PMH.xsd"><responseDate>2026-06-29T02:42:55Z</responseDate><request verb="GetRecord" identifier="oai:docta.ucm.es:20.500.14352/137025" metadataPrefix="marc">https://docta.ucm.es/rest/oai/request</request><GetRecord><record><header><identifier>oai:docta.ucm.es:20.500.14352/137025</identifier><datestamp>2026-06-03T00:03:24Z</datestamp><setSpec>com_20.500.14352_14</setSpec><setSpec>col_20.500.14352_18</setSpec></header><metadata><record xmlns="http://www.loc.gov/MARC21/slim" xmlns:dcterms="http://purl.org/dc/terms/" xmlns:xsi="http://www.w3.org/2001/XMLSchema-instance" xmlns:doc="http://www.lyncode.com/xoai" xsi:schemaLocation="http://www.loc.gov/MARC21/slim http://www.loc.gov/standards/marcxml/schema/MARC21slim.xsd">
   <leader>00925njm 22002777a 4500</leader>
   <datafield ind2=" " ind1=" " tag="042">
      <subfield code="a">dc</subfield>
   </datafield>
   <datafield ind2=" " ind1=" " tag="720">
      <subfield code="a">Pedreira González, Félix María</subfield>
      <subfield code="e">author</subfield>
   </datafield>
   <datafield ind2=" " ind1=" " tag="260">
      <subfield code="c">2026-02-20</subfield>
   </datafield>
   <datafield ind2=" " ind1=" " tag="520">
      <subfield code="a">El capítulo ofrece una visión sistemática y crítica de la extinción de la responsabilidad penal, combinando análisis dogmático, referencias jurisprudenciales y valoración político-criminal. Se estudian, como causas de extinción de la responsabilidad criminal, la muerte del reo, el cumplimiento de la condena, la remisión definitiva de la pena, la amnistía y el indulto, el perdón del ofendido y la prescripción penal.</subfield>
   </datafield>
   <datafield ind1="8" ind2=" " tag="024">
      <subfield code="a">PEDREIRA GONZÁLEZ, F.Mª: “Las causas de extinción de la responsabilidad penal”, en Tratado de derecho penal español. Parte general, E. Pérez Alonso (dir); M. I. Ramos Tapia (coord.), T. Aguado Correa (coord.), M.V. Caruso Fontán (coord.), E. Pomares Cintas (coord.), Tirant lo blanch, Valencia, 2026, pp. 1983-2005.</subfield>
   </datafield>
   <datafield ind1="8" ind2=" " tag="024">
      <subfield code="a">9791370217112</subfield>
   </datafield>
   <datafield ind1="8" ind2=" " tag="024">
      <subfield code="a">https://doi.org/10.36151/TLB_9791370217112</subfield>
   </datafield>
   <datafield ind1="8" ind2=" " tag="024">
      <subfield code="a">https://hdl.handle.net/20.500.14352/137025</subfield>
   </datafield>
   <datafield ind1="8" ind2=" " tag="024">
      <subfield code="a">https://doi.org/10.36151/TLB_9791370217112</subfield>
   </datafield>
   <datafield ind1="8" ind2=" " tag="024">
      <subfield code="a">https://tirant.com/</subfield>
   </datafield>
   <datafield ind2="0" ind1="0" tag="245">
      <subfield code="a">Las causas de extinción de la responsabilidad penal</subfield>
   </datafield>
</record></metadata></record></GetRecord></OAI-PMH>